The Carrion beetles of Canada and Alaska (Registro nro. 838)

Detalles MARC
000 -CABECERA
Campo de control 00752nam a2200241 a 4500
005 - FECHA Y HORA DE LA ULTIMA TRANSACCION
Campo de control 20191224041544.0
008 - ELEMENTOS DE LONGITUD FIJA—INFORMACION GENERAL
Campo de control 140224t1985 -CNa fr|||| 00| 0 eng d
040 ## - FUENTE DE CATALOGACIÓN
Agencia catalogadora original CO-BoIAVH
Agencia transcriptora CO-BoIAVH
041 ## - IDIOMA
Código de idioma para texto/pista de sonido o título separado Inglés
082 ## - NUMERO DE CLASIFICACION DECIMAL DEWEY
Número de clasificación 595.76
Número del ítem A54t
090 ## - CLASIFICACIÓN LOCAL
Colección LB
Consecutivo 00825
100 1# - ASIENTO PRINCIPAL--NOMBRE PERSONAL
Nombre personal Anderson, Robert S.
9 (RLIN) 9421
245 14 - MENCION DE TITULO
Título The Carrion beetles of Canada and Alaska
Parte restante del título Coleoptera, Silphidae and Agyrtidae
260 ## - PUBLICACION, DISTRIBUCION, ETC. (PIE DE IMPRENTA)
Lugar de publicación, distribución, etc. Ottawa
Nombre del editor, distribuidor, etc. Biosystematics Research Institute
Fecha de publicación, distribución, etc. 1985
300 ## - DESCRIPCION FISICA
Extensión 121 paginas.
Otros detalles físicos Ilustraciones
Dimensiones 22 x 15 cm
650 ## - ASIENTO SECUNDARIO DE MATERIA - TERMINO TEMATICO
Término temático o nombre geográfico como elemento de entrada Insectos
9 (RLIN) 48048
650 ## - ASIENTO SECUNDARIO DE MATERIA - TERMINO TEMATICO
Término temático o nombre geográfico como elemento de entrada Claves taxonómicas
9 (RLIN) 3514
650 ## - ASIENTO SECUNDARIO DE MATERIA - TERMINO TEMATICO
Término temático o nombre geográfico como elemento de entrada Descripciones taxonómicas
9 (RLIN) 48050
650 ## - ASIENTO SECUNDARIO DE MATERIA - TERMINO TEMATICO
Término temático o nombre geográfico como elemento de entrada Coleópteros
9 (RLIN) 7857
662 ## - ASIENTO SECUNDARIO DE MATERIA - JERARQUIA DEL NOMBRE DE LUGAR(
País o entidad mayor Canada
700 1# - ASIENTO SECUNDARIO - NOMBRE PERSONAL
Nombre personal Peck, Stewart B.
9 (RLIN) 9423
942 ## - ELEMENTOS ADICIONALES (KOHA)
Tipo de ítem Libro
Sistema de clasificación Dewey Decimal Classification
Existencias
Withdrawn status Lost status Sistema de Clasificación Damaged status No para préstamo Colección Inventariado Ubicación Permanente Ubicación actual Fecha de adquisición Fuente de Valor Total Checkouts Número topográfico Inventario / Código de Barras Date last seen Ejemplar Price effective from Forma de adquisición Tipo de material
    Dewey Decimal Classification     General Inventariado 2017 Bogotá Bogotá 11/10/1998 Amazon   LB-595.76 A54t 001180 04/12/2012 Ej. 1 04/12/2012   Libro